Statistics for 六信五行(スンニ派)

Click here to take the quiz!

General Stats

  • This quiz has been taken 14 times
  • The average score is 7 of 11

Answer Stats

HintAnswer% Correct
五行礼拝
92%
六信
85%
五行喜捨
85%
五行巡礼
85%
六信天使
69%
六信預言者
69%
五行断食
69%
五行信仰告白
62%
六信啓典
54%
六信来世
46%
六信定命
23%

Score Distribution

Percentile by Number Answered

Percent of People with Each Score

Your Score History

You have not taken this quiz